000 00277nam a2200109Ia 4500
008 190216s9999||||xx |||||||||||||| ||und||
100 _aSeth M L
245 0 _aMoney Banking And International Trade
260 _bLakshmi Narain Agarwal Pub
_c1998
300 _a550p
942 _cREF
999 _c36603
_d36603